ბათუმის შოთა რუსთაველის სახელმწიფო უნივერსიტეტის ბიბლიოთეკა

Architecture: A World History / (ბიბ.ჩანაწერი № 56487)

000 -LEADER
fixed length control field 00746nam a2200253Ia 4500
001 - CONTROL NUMBER
control field 23600
003 - CONTROL NUMBER IDENTIFIER
control field GE_BSU
005 - DATE AND TIME OF LATEST TRANSACTION
control field 20191007162039.0
008 - FIXED-LENGTH DATA ELEMENTS--GENERAL INFORMATION
fixed length control field 181216s2008||||en |||||||||||||| ||eng||
020 ## - INTERNATIONAL STANDARD BOOK NUMBER
International Standard Book Number 9780810995123
040 ## - CATALOGING SOURCE
Transcribing agency GE_BSU
041 ## - LANGUAGE CODE
Language code of text/sound track or separate title eng
080 ## - UNIVERSAL DECIMAL CLASSIFICATION NUMBER
Universal Decimal Classification number 721 A-71
245 ## - TITLE STATEMENT
Title Architecture: A World History /
Statement of responsibility, etc. Daniel Borden ; Jerzy Elzanowski ; Cornelia Lawrenz.
260 ## - PUBLICATION, DISTRIBUTION, ETC.
Name of publisher, distributor, etc. New York :
Place of publication, distribution, etc. Harry N. Abrams
Date of publication, distribution, etc. 2008.
300 ## - PHYSICAL DESCRIPTION
Extent 510 p. :
Other physical details ill .:
Dimensions 17 cm.
653 ## - INDEX TERM--UNCONTROLLED
keyword Architecture: A World History
653 ## - INDEX TERM--UNCONTROLLED
keyword Архитектура
653 ## - INDEX TERM--UNCONTROLLED
keyword არქიტექტურა
700 ## - ADDED ENTRY--PERSONAL NAME
Personal name Borden, Daniel.
9 (RLIN) 4595
700 ## - ADDED ENTRY--PERSONAL NAME
Personal name Elzanowski, Jerzy
9 (RLIN) 4596
700 ## - ADDED ENTRY--PERSONAL NAME
Personal name Lawrenz, Cornelia
9 (RLIN) 4597
942 ## - ADDED ENTRY ELEMENTS (KOHA)
Koha item type წიგნი
Source of classification or shelving scheme
ეგზემპლარები
Withdrawn status Lost status Source of classification or shelving scheme Damaged status Not for loan Permanent Location Current Location Shelving location Date acquired Cost, normal purchase price Full call number Barcode Date last seen Copy number Price effective from Koha item type Public note
          ბათუმის შოთა რუსთაველის სახელმწიფო უნივერსიტეტის მთავარი ბიბლიოთეკა ტექნოლოგიური ფაკულტეტის ბიბლიოთეკა წიგნსაცავი 2018-12-17 70.00 721 A-71 58780 2018-12-17 58780 2018-12-17 წიგნი 70 gel.